<?xml version="1.0" encoding="UTF-8"?>
<collection xmlns="http://www.loc.gov/MARC21/slim">
 <record>
  <leader>00812cam a2200229 a 4500</leader>
  <controlfield tag="001">1/31588</controlfield>
  <controlfield tag="008">061122s2006    enk      b    001 0 eng d</controlfield>
  <datafield tag="020" ind1=" " ind2=" ">
   <subfield code="a">0387319913</subfield>
  </datafield>
  <datafield tag="035" ind1=" " ind2=" ">
   <subfield code="l">33909</subfield>
  </datafield>
  <datafield tag="040" ind1=" " ind2=" ">
   <subfield code="a">DLC</subfield>
   <subfield code="b">GR-PeUP</subfield>
  </datafield>
  <datafield tag="082" ind1="0" ind2="0">
   <subfield code="a">519.5 MUK</subfield>
  </datafield>
  <datafield tag="100" ind1="1" ind2=" ">
   <subfield code="a">Mukerjee, Rahul.</subfield>
  </datafield>
  <datafield tag="245" ind1="1" ind2="2">
   <subfield code="a">A modern theory of factorial design /</subfield>
   <subfield code="c">Rahul Mukerjee, C.F. Jeff Wu.</subfield>
  </datafield>
  <datafield tag="260" ind1=" " ind2=" ">
   <subfield code="a">New York :</subfield>
   <subfield code="b">Springer,</subfield>
   <subfield code="c">2006.</subfield>
  </datafield>
  <datafield tag="300" ind1=" " ind2=" ">
   <subfield code="a">x, 221 σ. ;</subfield>
   <subfield code="b">23 εκ.</subfield>
  </datafield>
  <datafield tag="490" ind1="1" ind2=" ">
   <subfield code="a">Springer series in statistics ;</subfield>
  </datafield>
  <datafield tag="504" ind1=" " ind2=" ">
   <subfield code="a">Περιέχει βιβλιογραφία και ευρετήριο.</subfield>
  </datafield>
  <datafield tag="650" ind1=" " ind2="4">
   <subfield code="a">Factorial experiment designs.</subfield>
  </datafield>
  <datafield tag="700" ind1="1" ind2=" ">
   <subfield code="a">Wu, Chien-Fu.</subfield>
  </datafield>
  <datafield tag="830" ind1=" " ind2=" ">
   <subfield code="a">Springer series in statistics.</subfield>
  </datafield>
  <datafield tag="852" ind1=" " ind2=" ">
   <subfield code="a">INST</subfield>
   <subfield code="b">UNIPILB</subfield>
   <subfield code="c">MAIN</subfield>
   <subfield code="e">20061122</subfield>
   <subfield code="h">519.5 MUK</subfield>
   <subfield code="p">00151454</subfield>
   <subfield code="q">00151454</subfield>
   <subfield code="t">LOAN</subfield>
   <subfield code="y">0</subfield>
   <subfield code="4">1</subfield>
  </datafield>
  <datafield tag="856" ind1="4" ind2=" ">
   <subfield code="d">/webopac/covers/02/33909_0387319913.jpg</subfield>
  </datafield>
 </record>
</collection>
